Ekonomická výkonnosť a efektívnosť vybraného podniku bakalárska práca

Gespeichert in:
Bibliographische Detailangaben
1. Verfasser: Bončiková, Viktória
Körperschaft: Podnikovohospodárska fakulta EU so sídlom v Košiciach. Katedra finančného riadenia podniku
Weitere Verfasser: Manová, Eva, 1957-
Format: Buch
Sprache:Slowakisch
Veröffentlicht: Košice 2024
Tags: Tag hinzufügen
Keine Tags, Fügen Sie das erste Tag hinzu!

MARC

LEADER 00000nbm a2200000 4500
001 0304011
005 20250911132925.2
041 0 |a slo 
044 |a SK 
245 1 0 |a Ekonomická výkonnosť a efektívnosť vybraného podniku  |b bakalárska práca  |c Viktória Bončiková ; školiteľ: Eva Manová 
264 1 |a Košice  |c 2024 
300 |a 67 s. 
100 1 |a Bončiková, Viktória 
700 1 |a Manová, Eva, 1957- 
710 2 |a Podnikovohospodárska fakulta EU so sídlom v Košiciach. Katedra finančného riadenia podniku